| 000 | 00740nam a22002651 4500 | ||
|---|---|---|---|
| 001 | 16524 | ||
| 003 | BD-RjUL | ||
| 005 | 20211209000023.0 | ||
| 008 | 140213s1967 enkacf b 000 0 eng | ||
| 035 | _a(BD-RjUL)16579 | ||
| 040 |
_aDLC _cDLC _dDLC _dBD-RjUL _beng |
||
| 041 | _aeng | ||
| 082 | 0 | 0 |
_a760.0924 _bWHK 1967 |
| 100 | 1 |
_aWhitford, Frank. _951061 |
|
| 245 | 1 | 0 |
_aKandinsky / _cFrank Whitford |
| 260 |
_aLondon : _bHamlyn, _cc1967. |
||
| 300 |
_a39 p. : _b48 plates, illus. (incl. 48 col.), port. ; _c28 cm. |
||
| 350 | _a17/6 | ||
| 490 | 0 | _aThe Colour library of art | |
| 504 | _aBibliography: p. 26. | ||
| 600 | 1 | 0 |
_aKandinsky, Wassily, _d1866-1944. _951062 |
| 942 |
_2ddc _cBK |
||
| 999 |
_c16524 _d16524 |
||